00921 2200325 4500001002100000005001500021035002000036007000300056040001600059100003500075245006800110250001300178300003000191020002200221041000800243082000800251084001400259090002000273260003500293650000800328850001000336008004100346710003800387264003300425264004000458336002100498337003000519338002300549990002300572INLIS00000000000435220260527124204 a0010-1121000119ta aSPBUPDbind0 aSunarto, M. Thayeb,ePengarang1 aIPS Terpadu untuk Sekolah Dasar Kelas VI /cSunarto, M. Thayeb, a--Cet--1 a167 hlm. :bIlus ;c25 cm a978-979-015-053-90 aind a372 a372 SUN i b641.3 AHI a 4-53 aKlaten :bCempaka Putih,c2016 4aIPS aPUPAD260527 0  3Editor, Diah Utami, Maya Yulianti a--Jakarta :bErlangga,c2007 aJakarta :bPenerbit Erlangga,c2007 2rdacontentaTeks 2rdamediaaTanpa Perantara 2rdacarrieraVolume a35.070./S/DPK/2021